000 00592nam a2200181Ia 4500
008 100920s9999 xx 000 0 und d
082 _b87803
_a320 थ 47
100 _aभट वा. वि.
245 _aसोव्हिएट दर्शन.
260 _bयुगवाणी प्रकाशन, मुंबई.
_c1947
300 _a109
_bसाधी
365 _b2
520 _aराजकारण.
630 _aसोव्हिएट दर्शन.
650 _aराजकारण.
730 _aसोव्हिएट दर्शन.
942 _cBOOK
999 _c728312
_d728309